Katalóg technických riešení bytových stavieb 2016 : 19. ročník súťaže Progresívne, cenovo dostupné bývanie

Na minha lista:
Detalhes bibliográficos
Formato: Livro
Idioma:eslovaco
Publicado em: Bratislava : MDV SR, 2017
Assuntos:
Tags: Adicionar Tag
Sem tags, seja o primeiro a adicionar uma tag!

MARC

LEADER 00000nam a22000003a 4500
001 0026917
003 SK-STU
005 20180313112929.3
007 ta
008 150224s ----xo-----e------100-0-----d
040 |a STU  |b slo 
041 0 |a slo 
044 |a xo 
245 1 0 |a Katalóg technických riešení bytových stavieb 2016 :  |b 19. ročník súťaže Progresívne, cenovo dostupné bývanie 
260 |a Bratislava :  |b MDV SR,  |c 2017 
300 |a 40 s., +CD-ROM 
650 4 |a bytové domy 
650 4 |a obnova bytového fondu 
650 4 |a úsporné riešenie bytu 
996 |b 284AU07077  |c A* 10308/U  |l AAKNST  |s P  |a 0  |w 0026917_0001 
996 |b 284AU07078  |c A* 10309/U  |l AAKNAR  |s A  |a 24  |w 0026917_0002